Territories Governed by the United Nations - Statistics

General Stats
  • This quiz has been taken 64 times
  • The average score is 3 of 7
Answer Stats
Mission Type Years Territory % Correct
Buffer zone 1974-Present Cyprus
77%
Transitional Administration 1999-2008 Kosovo
75%
Transitional Administration 1999-2002 East Timor
42%
Transitional Administration 1996-1998 Croatia (Eastern Slavonia, Baranja and Western Sirmium)
35%
Buffer zone 1974-Present Syria
35%
Transitional Administration 1992-1993 Cambodia
27%
Transitional Administration 1962-1963 Indonesia (West Papua)
19%
No matching quizzes found
Score Distribution
Percent of People with Each Score
Percentile by Number Answered
Your Score History
You have not taken this quiz